[Дирижирует] Евгений Светланов (Запись № 13282333)

Подробности
000 -МАРКЕР
контрольное поле 03140njm0a2200421 4500
001 - ИДЕНТИФИКАТОР ЗАПИСИ
контрольное поле RU\NLR\ONIZ\197862
005 - ИДЕНТИФИКАТОР ВЕРСИИ
контрольное поле 20250708192228.0
035 ## - ДРУГИЕ СИСТЕМНЫЕ НОМЕРА
Идентификатор записи (NLR Aleph) 010405398
071 00 - ИЗДАТЕЛЬСКИЙ НОМЕР
Номер, присвоенный агентством RDCD 00886
100 ## - ДАННЫЕ ОБЩЕЙ ОБРАБОТКИ
Данные общей обработки 20140221d2012 |||y0rusy50 ca
102 ## - СТРАНА ПУБЛИКАЦИИ ИЛИ ПРОИЗВОДСТВА
Страна публикации Российская Федерация
126 ## - ПОЛЕ КОДИРОВАННЫХ ДАННЫХ: ЗВУКОЗАПИСИ - ФИЗИЧЕСКИЕ ХАРАКТЕРИСТИКИ
Кодированные данные звукозаписи (общие) aguxjxu ux
Кодированные данные звукозаписи (уточнения) xxx
127 ## - ПОЛЕ КОДИРОВАННЫХ ДАННЫХ: ПРОДОЛЖИТЕЛЬНОСТЬ ЗВУКОЗАПИСЕЙ И НОТНЫХ ИЗДАНИЙ (МУЗЫКАЛЬНОЕ ИСПОЛНЕНИЕ)
Продолжительность 000064
135 ## - ПОЛЕ КОДИРОВАННЫХ ДАННЫХ: ЭЛЕКТРОННЫЕ РЕСУРСЫ
Кодированные данные для электронного ресурса honoannnanndn
200 1# - ЗАГЛАВИЕ И СВЕДЕНИЯ ОБ ОТВЕТСТВЕННОСТИ
Основное заглавие [Дирижирует] Евгений Светланов
Общее обозначение материала Звукозапись
Первые сведения об ответственности исполн.: Государственный академический симфонический оркестр
210 ## - ПУБЛИКАЦИЯ, РАСПРОСТРАНЕНИЕ И ДР.
Место издания, распространения и т.д. Москва
Имя издателя, распространителя и т. д. Фонд Евгения Светланова
Дата издания, распространения и т.д. 2012
215 ## - ФИЗИЧЕСКАЯ ХАРАКТЕРИСТИКА
Специфическое обозначение материала и объем 1 зв. диск (64 мин), в футл.
Сопроводительный материал прил. (10 с.)
225 1# - СЕРИЯ
Основное заглавие серии Антология рус. симф. музыки
300 ## - ОБЩИЕ ПРИМЕЧАНИЯ
Текст примечания Записи 1985, 1987 гг
327 1# - ПРИМЕЧАНИЯ О СОДЕРЖАНИИ
Текст примечания 1-2. Сюита № 1 : ре мин. : соч. 43 : (1878-1879) ;
-- Воевода : симфоническая баллада по А. Мицкевичу (фрагменты) : соч. 78 : (1891) / П. И. Чайковский
464 #0 - АНАЛИТИЧЕСКИЙ УРОВЕНЬ
Встроенное поле 2001#$aСюита № 1$eре мин.$eсоч. 43$e(1878-1879)
-- 6061#$aСюиты для симфонического оркестра$xЗвукозапись$yРоссия$z19 век$2nlr_sh
-- 686##$aЩ951.1-043(28)$vLBC/SL$2rubbk
-- 701#1$9z01790$aЧайковский$bП. И.$gПетр Ильич$f1840-1893$4230$7ca
-- 790#1$9z01701$aČajkovskij$bP. I.$gPetr Il`ič$f1840-1893$4230$7ba
Заглавие Сюита № 1
464 #0 - АНАЛИТИЧЕСКИЙ УРОВЕНЬ
Встроенное поле 2001#$aВоевода$eсимфоническая баллада по А. Мицкевичу (фрагменты)$eсоч. 78$e(1891)
-- 604##$1700#1$aМицкевич$gАдам$bА.$f1798-1855$150010$aВоевода$xЗвукозапись$xмузыкальные интерпретации$2nlr_sh
-- 6061#$aСимфонические баллады$xЗвукозапись$yРоссия$z19 век$2nlr_sh
-- 686##$aЩ951.1-051(28)$vLBC/SL$2rubbk
-- 701#1$9z01790$aЧайковский$bП. И.$gПетр Ильич$f1840-1893$4230$7ca
-- 702#1$9z02790$aМицкевич$bА.$gАдам$f1798-1855$4520$7ca
-- 790#1$9z01701$aČajkovskij$bP. I.$gPetr Il`ič$f1840-1893$4230$7ba
-- 790#1$9z02702$aMickiewicz$bA. B.$gAdam Bernard$f1798-1855$4520$7ba
Заглавие Воевода
606 1# - НАИМЕНОВАНИЕ ТЕМЫ КАК ПРЕДМЕТ
Наименование темы Симфоническая музыка русская
Тематический подзаголовок Звукозапись
Географический подзаголовок Россия
Хронологический подзаголовок 19 век
Код системы nlr_sh
606 1# - НАИМЕНОВАНИЕ ТЕМЫ КАК ПРЕДМЕТ
Наименование темы Исполнительское искусство дирижеры
Тематический подзаголовок Звукозапись
Географический подзаголовок Россия
Хронологический подзаголовок 20 век
Код системы nlr_sh
686 ## - ИНДЕКСЫ ДРУГИХ КЛАССИФИКАЦИЙ
Индекс Щ951.1, 8(2)
Издание LBC/SL
Код системы
700 #1 - ИМЯ ЛИЦА - ПЕРВИЧНАЯ ОТВЕТСТВЕННОСТЬ
Системный номер авторитетной/нормативной записи z03790
Начальный элемент ввода Светланов
Часть имени, кроме начального элемента ввода Е. Ф.
Даты 1928-2002
Расширение инициалов личного имени Евгений Федорович
Код отношения Дирижер, Руководитель оркестра
Графика поля Кириллица
712 02 - НАИМЕНОВАНИЕ ОРГАНИЗАЦИИ - ВТОРИЧНАЯ ОТВЕТСТВЕННОСТЬ
Начальный элемент ввода Государственный академический симфонический оркестр
Код отношения Исполнитель
Графика поля Кириллица
790 #1 - ИМЯ ЛИЦА - АЛЬТЕРНАТИВНАЯ ФОРМА
Системный номер авторитетной/нормативной записи z03700
Начальный элемент ввода Svetlanov
Часть имени, кроме начального элемента ввода E.
Даты 1928-2002
Расширение инициалов личного имени Evgenij
Код отношения Дирижер, Руководитель оркестра
Графика поля Латинская
801 #0 - ИСТОЧНИК ЗАПИСИ
Страна Российская Федерация
Организация NLR
Дата составления 20140221
Правила каталогизации PSBO
801 #1 - ИСТОЧНИК ЗАПИСИ
Страна Российская Федерация
Организация NLR
Дата составления 20140221
Источник данных rusmarc
801 #2 - ИСТОЧНИК ЗАПИСИ
Страна Российская Федерация
Организация NLR
Дата составления 20210103
852 ## - МЕСТОНАХОЖДЕНИЕ И ШИФР ХРАНЕНИЯ
Идентификатор организации NLR
Наименование фонда или коллекции (Sub-Location Identifier) Мг
Шифр хранения (Call Number) Д/1881
Страна
Номер экземпляра 1
942 ## - ДОПОЛНИТЕЛЬНЫЕ ЭЛЕМЕНТЫ ЗАПИСИ (АБИС)
Тип экземпляра АБИС Звукозапись
980 ## - КОЛЛЕКЦИЯ
Название коллекции Национальная библиография
980 ## - КОЛЛЕКЦИЯ
Название коллекции Отдел нот и звукозаписей
Экземпляры
Тип экземпляра Дата поступления Библиотека постоянного хранения Библиотека текущего хранения Место хранения Шифр хранения Статус экземпляра
Звукозапись 21.02.2014 РНБ (Московский) РНБ (Московский) Фонд нот и звукозаписей Д/1881 Д/1881